| Tag |
First Indicator |
Second Indicator |
Subfields |
| LEADER |
00000cam a2200000M 4500 |
| 001 |
in00001709359 |
| 005 |
20151024151644.0 |
| 008 |
980325s1964 ru b 000 0 rus d |
| 035 |
|
|
|a (OCoLC)ocm45516184
|
| 040 |
|
|
|a CAI
|c CAI
|d TXA
|d UtOrBLW
|
| 049 |
|
|
|a TXAM
|
| 050 |
0 |
0 |
|a QA930
|b .K69
|
| 100 |
1 |
|
|a Krasnov, N. F.
|q (Nikolaĭ Fedorovich)
|
| 245 |
1 |
0 |
|a Aerodinamika tel vrashcheniia /
|c Dopushcheno v kachestve ucheb. posobiia dlia vysshikh ucheb. zavedenii.
|
| 250 |
|
|
|a 2d ed.
|
| 264 |
|
1 |
|a Moskva :
|b Gos. izd-vo obor. promyshl,
|c 1964.
|
| 300 |
|
|
|a 572 pages :
|b illustrations, diagrams ;
|c 23 cm.
|
| 336 |
|
|
|a text
|b txt
|2 rdacontent
|
| 337 |
|
|
|a unmediated
|b n
|2 rdamedia
|
| 338 |
|
|
|a volume
|b nc
|2 rdacarrier
|
| 650 |
|
0 |
|a Aerodynamics, Supersonic.
|
| 650 |
|
0 |
|a Artificial satellites.
|
| 650 |
|
0 |
|a Space stations.
|
| 948 |
|
|
|a cataloged
|b h
|c 2002/9/6
|d c
|e tchubaryan
|f 10:39:33 am
|
| 994 |
|
|
|a E0
|b TXA
|
| 999 |
|
|
|a MARS
|
| 999 |
f |
f |
|s edcfd71d-af33-34b6-bf2c-42e3d5053efc
|i ff583545-7e77-310e-a064-5886e7600b89
|t 0
|
| 952 |
f |
f |
|p ric
|a Texas A&M University
|b Rellis Campus
|c Joint Library Facility
|d Remote Storage
|t 0
|e QA930 .K69
|h Library of Congress classification
|i unmediated -- volume
|m A14829226890
|
| 998 |
f |
f |
|a QA930 .K69
|t 0
|l Remote Storage
|